[Event "VIII Floripa Open 2022"]
[Site "Florianopolis"]
[Date "2022.01.29"]
[Round "8.9"]
[White "Lima, Darcy"]
[Black "Cadilhac, Igor Tokuichi Kikuch"]
[Result "1/2-1/2"]
[WhiteElo "2507"]
[BlackElo "2325"]
[Annotator "TA"]
[PlyCount "113"]
[EventDate "2022.01.24"]
[EventType "swiss"]
[EventCountry "BRA"]
[SourceTitle "playchess.com"]
[Source "ChessBase"]
[SourceQuality "1"]

{[%evp 11,113,0,3,0,60,-2,-3,-22,-16,-8,0,-18,31,0,9,1,13,22,21,14,19,11,35,18,20,0,0,0,0,-22,0,0,0,0,27,0,0,0,0,0,0,0,0,-70,-70,-70,-70,-70,-70,-70,-70,-70,-70,-68,-60,-60,-60,-60,-60,-60,-45,-60,-60,-60,-60,-60,-60,-60,0,-60,-60,-60,-10,-11,-12,-12,0,0,0,0,0,-12,-12,-27,-27,-34,0,-12,-12,-34,-34,-29,-18,-12,-25,-24,-10,-10,-10,-10,0,0,0,0]} 1. c4 e6 2. Nf3 d5 3. d4 Nf6 4. g3 dxc4 5. Bg2 a6 6. a4 c5 7. O-O {E04: Open Catalan: 5 Nf3.} Nc6 (7... cxd4 $11 8. Nxd4 e5) 8. Na3 ({Better is} 8. dxc5 $14 Qc7 9. Nbd2) 8... cxd4 $11 9. Nxc4 Bc5 $1 10. Bf4 O-O 11. Nfe5 Bd7 {[#]} (11... Nd5 $11) 12. Qb3 $146 (12. Rc1 $5 {[%cal Rd1b3]}) ({Predecessor:} 12. Nd3 Be7 13. b4 Nd5 14. Bxd5 exd5 15. Nce5 Bh3 16. Nxc6 bxc6 17. Re1 a5 18. Ne5 {0-1 (55) Galliamova,A (2438)-Dzagnidze,N (2520) Moscow 2019}) 12... Nd5 13. Qxb7 Nxe5 14. Nxe5 Ra7 15. Qb3 Nxf4 16. gxf4 Qb8 17. Qc4 Rc8 18. Nxd7 Rxd7 19. Qxa6 Ra7 20. Qc4 Bd6 21. Qxd4 Bxf4 22. h3 Bh2+ 23. Kh1 Be5 24. Qe3 Bxb2 25. Rfb1 {[#] And now Ra2 would win.} Rac7 $36 {[%cal Ba7c7,Bc7c3,Bc3c1][%mdl 2080] White is under pressure.} 26. a5 Rc3 27. Qb6 (27. Qe4 $11 Rb3 28. Ra4) 27... Qxb6 $15 28. axb6 Bxa1 29. b7 $1 Rc1+ 30. Bf1 {[#]} Be5 $1 {Hoping for ...Rxf1+.} 31. bxc8=Q+ (31. bxc8=R+ Rxc8) 31... Rxc8 {[%mdl 4096] Endgame KRB-KRB} 32. Rb7 g5 33. Kg2 Kg7 34. e3 h5 {[%cal Bh7h5,Bh5h4][%mdl 32]} 35. Bb5 Kg6 36. Ba4 h4 37. Bb5 Bc3 38. Bd3+ Kf6 39. Be2 Kg6 40. Bd3+ $1 Kg7 41. Be2 Rc5 (41... Be5 $15) 42. Bh5 $11 Rf5 43. Kf1 Bd2 {aiming for ...Bxe3.} 44. Ke2 Bc1 45. Bg4 Rf6 46. Bh5 Ba3 47. Kf1 Bd6 48. Kg2 Rf5 49. Rd7 Bb4 50. Kf1 (50. Rb7 $5 {[%cal Rb7b4]} Be1 51. f3 $15) 50... Kf8 51. Rb7 Be7 52. Rb8+ Kg7 53. Rb7 Kf6 54. Kg2 {The position is equal.} Ra5 55. e4 e5 56. Rb6+ Kg7 57. Rb7 {Weighted Error Value: White=0.09 (flawless) /Black=0.10 (very precise)} 1/2-1/2

[Event "VIII Floripa Open 2022"]
[Site "Florianopolis"]
[Date "2022.01.29"]
[Round "8.10"]
[White "Guimaraes, Diogo Duarte"]
[Black "Barbosa, Evandro Amorim"]
[Result "1-0"]
[WhiteElo "2273"]
[BlackElo "2487"]
[Annotator "TA"]
[PlyCount "71"]
[EventDate "2022.01.24"]
[EventType "swiss"]
[EventCountry "BRA"]
[SourceTitle "playchess.com"]
[Source "ChessBase"]
[SourceQuality "1"]

{[%evp 11,71,23,49,22,27,28,31,22,20,26,29,6,13,14,13,9,34,18,47,23,114,129,119,61,52,85,79,28,123,113,155,144,162,158,178,177,180,168,218,220,190,148,216,144,153,152,166,152,167,164,149,125,144,152,293,212,612,589,932,0,102,91]} 1. e4 c5 2. Nf3 e6 3. d4 cxd4 4. Nxd4 Nc6 5. Nc3 Qc7 6. Be3 a6 7. Qf3 {B48: Sicilian: Taimanov: 5 Nc3 Qc7 6 Be3 a6 without Be2.} Bd6 8. O-O-O {[%cal Ba1d1,Bd1d4,Bd4b4][%mdl 32]} Be5 $1 9. g3 {White is slightly better.} Nge7 10. Qe2 b5 11. f4 {And now Nxc6 would win.} Bxd4 12. Bxd4 Nxd4 13. Rxd4 Rb8 14. Qd2 b4 15. Nd1 {[#]} O-O $146 (15... Nc6 $11 {keeps the balance.}) ({Predecessor:} 15... a5 16. Ne3 O-O 17. Kb1 Nc6 18. Rd6 Nd8 19. Nc4 Nb7 20. Rd4 Nc5 21. e5 Bb7 {½-½ (40) Delizia,C (2475)-De Carlos Arregui,I (2427) ICCF email 2017}) 16. Rxb4 $16 Bb7 17. Nc3 (17. Rc4 $16 Qd8 18. Bg2) 17... d5 $14 18. Bg2 {[%cal Re4d5]} Nc6 19. Ra4 dxe4 (19... d4 $11 {remains equal.} 20. Ne2 Rfd8) 20. Bxe4 $16 Rfd8 ({Black should try} 20... f5) 21. Qe3 Na5 22. Rd1 Rdc8 23. Bxb7 Rxb7 24. Qe5 Qxe5 (24... Nc4 $142 25. Qxc7 Rbxc7) 25. fxe5 $40 {[%mdl 128] White wants a kill.} Nc6 26. Rc4 ({But not} 26. Rxa6 Nxe5 27. Ne4 Rcb8 $16) ({Better is} 26. Ne4 $18 {Hoping for Nd6.} Ra8 27. Rd6 Nxe5 28. Rdxa6 (28. Raxa6 Rc8 $16)) 26... Rbc7 (26... Kf8 $16 27. Ne4 Rb4 28. Rxb4 Nxb4) 27. Na4 {Strongly threatening Nb6.} g5 28. Rc5 {White is more active.} Nb4 29. Rxc7 Rxc7 {[%mdl 4096] Endgame [#] KRN-KRN} 30. c3 Kg7 31. Rd6 a5 32. Nb6 Kg6 (32... Nc6 $16) 33. a3 Nc6 {[#]} (33... Na6 34. Nd5 Ra7 35. Ne7+ Rxe7) 34. Nd5 $1 Kg7 35. Nb6 (35. Nxc7 $18 Nxe5 36. Ra6) 35... Kg6 $16 36. Nc4 {Weighted Error Value: White=0.28 (precise) /Black=0.40} 1-0

[Event "VIII Floripa Open 2022"]
[Site "Florianopolis"]
[Date "2022.01.30"]
[Round "9.1"]
[White "Cubas, Jose Fernando"]
[Black "Pichot, Alan"]
[Result "1/2-1/2"]
[WhiteElo "2469"]
[BlackElo "2625"]
[Annotator "TA"]
[PlyCount "87"]
[EventDate "2022.01.24"]
[EventType "swiss"]
[EventCountry "BRA"]
[SourceTitle "playchess.com"]
[Source "ChessBase"]
[SourceQuality "1"]

{[%evp 17,87,5,5,0,2,0,6,0,0,0,7,7,0,0,0,2,19,12,18,0,13,16,15,15,12,0,8,0,0,0,0,0,0,0,0,0,9,12,12,10,8,20,9,9,7,7,13,10,11,0,0,-25,0,0,27,-161,-136,-188,-186,-216,-216,-230,-224,-337,0,0,0,0,0,-6348,1865,-541]} 1. e4 e5 2. Nf3 Nc6 3. d4 exd4 4. Nxd4 Nf6 5. Nc3 Bb4 6. Nxc6 bxc6 7. Bd3 d5 8. exd5 cxd5 9. O-O O-O 10. Qf3 {C47: Scotch Four Knights and Four Knights with 4 g3.} Be6 11. h3 c6 12. Bf4 {The position is equal.} Bd6 13. Rad1 Qb8 14. Bxd6 Qxd6 15. Rfe1 Rab8 16. b3 {[#]} a5 $146 ({Predecessor:} 16... Bd7 17. a4 Qb4 18. Re2 Rfe8 19. Rde1 Kf8 20. Nd1 Qxe1+ 21. Rxe1 Rxe1+ 22. Kh2 Rbe8 {½-½ (31) Rehle,T (1910)-Zhu,N (2001) Tysons 2019}) 17. Ne2 Rfe8 18. Nd4 Bd7 19. Bf5 Rxe1+ 20. Rxe1 Be8 21. Bd3 g6 {Prevents Nf5.} 22. a4 Qb4 {[%csl LRd4,LRe1]} 23. Qe3 Bd7 24. c3 Qd6 25. Qg5 Kg7 26. Qd2 Nh5 27. Bf1 Nf4 28. c4 Qf6 29. cxd5 Nxd5 30. Rd1 Rb4 31. g3 h5 32. Bg2 h4 33. Kh2 Qe5 34. Nf3 Qc7 35. Nd4 Nf6 36. Qg5 (36. Qc3 $11 {and White stays safe.}) 36... c5 $19 37. Ne2 (37. Nf3 $17 {was worth a try.}) 37... Rxb3 38. Nf4 {[%cal Og5f6] Strongly threatening Qxf6+!} hxg3+ (38... Bxa4 39. Qxf6+ Kxf6 40. Nd5+ Kg7 41. Nxc7 hxg3+ 42. fxg3 $11) 39. fxg3 {[%cal Og5f6] [#] Threatens to win with Qxf6+!} Rb6 ({Stronger than} 39... Bxa4 40. Qxf6+ Kxf6 41. Nd5+ Kg7 42. Nxc7 $11) 40. Rc1 (40. Rd2 $142) 40... Bxa4 $2 (40... Bf5 $19 {aiming for ...Qe5.} 41. Kh1 Qd6) 41. Rxc5 $11 Qd6 42. Rxa5 Bd7 43. Rf5 $2 {[%mdl 8192]} Ba4 $4 {[%mdl 8192] [#]} (43... Bxf5 $19 44. Nd5 Nxd5) 44. Nh5+ $4 {[%mdl 40960] Weighted Error Value: White=0.41/Black=0.14 (very precise) . An unexpected result.} 1/2-1/2

[Event "VIII Floripa Open 2022"]
[Site "Florianopolis"]
[Date "2022.01.30"]
[Round "9.2"]
[White "Mekhitarian, Krikor Sevag"]
[Black "Cuenca Jimenez, Jose Fernando"]
[Result "1/2-1/2"]
[WhiteElo "2562"]
[BlackElo "2552"]
[Annotator "TA"]
[PlyCount "67"]
[EventDate "2022.01.24"]
[EventType "swiss"]
[EventCountry "BRA"]
[SourceTitle "playchess.com"]
[Source "ChessBase"]
[SourceQuality "1"]

{[%evp 10,67,15,13,14,9,9,0,15,16,22,15,8,0,0,0,0,0,2,-14,0,0,0,0,0,0,0,0,0,0,0,0,0,0,0,0,18,11,4,7,8,0,6,0,0,0,13,18,19,0,0,0,0,0,165,0,0,0,0,0]} 1. e4 e5 2. Nf3 Nc6 3. Bc4 Bc5 4. d3 Nf6 5. O-O d6 6. c3 a5 {C54: Giuoco Piano: 4 c3 Nf6, main lines with 5 d4 and 5 d3.} 7. Nbd2 O-O 8. h3 {8.h3 is better than 8.Re1.} h6 9. Re1 Be6 10. Bb5 Qb8 11. Bxc6 bxc6 12. d4 exd4 13. cxd4 Bb6 14. a4 Qa7 15. Nf1 d5 16. Ng3 {[#]} dxe4 $146 ({Predecessor:} 16... c5 17. e5 Ne4 18. Nxe4 dxe4 19. Rxe4 cxd4 20. Bxh6 gxh6 21. Qd2 Kg7 22. Rh4 Rh8 {0-1 (62) Brkic,A (2600)-Onischuk,V (2616) Batumi 2019}) 17. Nxe4 Nxe4 18. Rxe4 {[#] Black must now prevent Rh4.} Rad8 19. Ra3 {[%cal Oc1h6]} Bf5 20. Re5 Bg6 21. Qe1 Rd5 22. Be3 Bh5 23. Rxd5 cxd5 24. Ne5 Re8 (24... Bxd4 $2 25. Nc6 Qb6 26. Nxd4 $18) 25. Nc6 Qa8 26. Qc1 Re6 27. Ne5 Qe8 28. Nd3 Rc6 29. Rc3 Rxc3 30. Qxc3 Qxa4 31. Nf4 $1 {[%csl LRd5,LRh5] Strongly threatening b3.} Be2 $2 {[#]} 32. Nxd5 $2 (32. b3 $1 $18 {[%cal Rb3a4]} Qb5 33. Qc2) 32... Qc4 33. Qxc4 Bxc4 34. Nxb6 {Weighted Error Value: White=0.08 (flawless) /Black=0.15 (very precise)} 1/2-1/2

[Event "VIII Floripa Open 2022"]
[Site "Florianopolis"]
[Date "2022.01.30"]
[Round "9.3"]
[White "Di Berardino, Diego Rafael"]
[Black "Fier, Alexandr"]
[Result "1/2-1/2"]
[WhiteElo "2480"]
[BlackElo "2572"]
[Annotator "TA"]
[PlyCount "130"]
[EventDate "2022.01.24"]
[EventType "swiss"]
[EventCountry "BRA"]
[SourceTitle "playchess.com"]
[Source "ChessBase"]
[SourceQuality "1"]

{[%evp 18,130,5,1,10,9,16,0,28,0,0,-22,-25,-31,-7,-62,2,-26,-10,-54,-45,-53,-55,-47,-52,-49,-55,-52,-55,-210,-219,-206,-165,-187,-49,-107,-2,-41,-68,-62,-65,-69,-82,-75,-7,-25,-16,-81,-74,-340,-189,-182,-47,-43,-32,-45,0,-45,0,-35,-8,-8,-12,-46,-39,-48,-50,-40,-33,-68,-8,-49,-58,-65,-53,-67,-67,-67,-40,-227,-239,-251,-15,-15,-15,-15,-15,-15,0,0,0,0,0,0,0,0,0,0,0,0,0,-14,-14,-14,0,0,0,0,0,0,0,0,0,0,0]} 1. d4 d5 2. c4 c6 3. Nf3 Nf6 4. e3 e6 5. Bd3 Nbd7 6. O-O dxc4 7. Bxc4 Bd6 8. a3 O-O 9. Nc3 b5 10. Be2 Bb7 {D47: Semi-Slav: Meran System.} 11. e4 e5 $1 12. Bg5 a6 {[#]} 13. Rc1 $146 ({Predecessor:} 13. Bd3 exd4 14. Nxd4 Nc5 15. Bc2 Be5 16. Be3 Re8 17. Nf3 Bxc3 18. Bxc5 Bxb2 19. Rb1 Qxd1 20. Rfxd1 {0-1 (39) D Albini,G (1983)-Csoli,O (2204) Hungary 2018}) 13... Re8 14. b4 h6 15. Bh4 exd4 (15... Rc8 $5 {[%cal Re5d4]}) 16. Qxd4 (16. Nxd4 $11 Bf4 17. Rc2) 16... Qe7 ({Black should play} 16... Bf8 $15 17. Rfd1 g5) 17. Rcd1 Bc7 18. Rfe1 (18. Rc1 $11 {deserves consideration.}) 18... g5 $15 19. Bg3 Bxg3 20. hxg3 {[%cal Oe4e5] aiming for e5!} c5 21. Qd2 {[%cal Oe4e5]} cxb4 22. axb4 Qxb4 {And now ...Rac8 would win.} 23. Nd4 $2 (23. Nxg5 $1 $15 hxg5 24. Qxg5+ Kf8 25. Qh6+ Kg8 26. Qg5+ Kf8 27. Qh6+ Ke7 28. e5 Qxc3 29. exf6+ Kd8 30. Rxd7+ $1 Kxd7 31. Rd1+ Kc7 32. Rc1 $1 Qxc1+ 33. Qxc1+ Kb6 34. Qb2) 23... Rac8 $19 24. Rc1 Qd6 25. f3 Ne5 (25... Qxg3 26. Nf5 Qe5 27. Nd6 $11) (25... b4 $19 26. Nb1 Qb6) 26. Red1 (26. Qe3 $1 $15) 26... Nc4 (26... Qb6 $17 27. Qe3 Red8) 27. Bxc4 (27. Qa2 $5 {[%cal Rd4f5]}) 27... Rxc4 28. Nce2 Rxc1 $1 29. Qxc1 Rd8 30. Kh2 Rd7 (30... Ne8 $17) 31. Qb2 {[%cal Od4f5]} Qe5 32. Qb4 (32. Qb1 $1 $11) 32... g4 {Threatens to win with ...gxf3.} 33. Qb1 $2 {[%mdl 8192]} (33. Qd2 $17) 33... gxf3 (33... Qh5+ $142 34. Kg1 gxf3 35. gxf3 Bxe4 36. fxe4 Ng4) 34. gxf3 {[#]} Kh7 (34... Bxe4 $1 $19 {[%mdl 512]} 35. fxe4 Ng4+ 36. Kg2 (36. Kg1 $2 Qh5 $19) 36... Ne3+ 37. Kf3 Nxd1 38. Qxd1 a5) 35. Qc1 $15 Rc7 36. Qd2 Rd7 (36... Qg5 $5 {[%cal Rg5d2]}) 37. Qc1 Rc7 38. Qd2 (38. Qf4 Qxf4 39. gxf4 Ne8 $15) 38... Bc8 (38... Qg5 $5 {[%cal Rg5d2]}) 39. Kg2 Qg5 40. Qa5 Rc4 41. Qb6 Nd7 42. Qd6 Qf6 $36 {[%mdl 2048] White is under pressure.} 43. Nf5 Qxd6 (43... a5 $15) 44. Nxd6 {Pair of Knights!} (44. Rxd6 $11 Ne5 45. Rxh6+ Kg8 46. Nfd4) 44... Rc2 45. Nxc8 Ne5 ({Don't do} 45... Rxe2+ 46. Kf1 Rc2 47. Rxd7 $14) 46. f4 Rxe2+ {[%mdl 4096] Endgame KRN-KRN} 47. Kh3 $1 Nc4 ({Don't play} 47... Rxe4 48. Nd6 (48. fxe5 Rxe5 49. Rd7 Rc5 $11) 48... Re3 49. fxe5 $16) 48. e5 {[#]} ({Only move:} 48. Rd7 $1 $15) 48... Rd2 $1 $19 49. Re1 b4 $2 ({Better is} 49... a5 $19 {...b4 is the strong threat.} 50. Re4 Rd5) 50. Re4 $1 $11 {The position is equal.} Rc2 51. Nd6 Nxd6 52. exd6 {KR-KR} a5 53. Re5 Rd2 54. Rxa5 Rxd6 {Strongly threatening ...Rb6.} 55. Rb5 {Prevents Rb6.} Rd4 56. Rb6 $1 Kg7 57. Kg4 Rc4 58. Kf5 Rc3 59. Rxb4 Rxg3 60. Rb1 h5 61. Rh1 Kh6 62. Rh2 Ra3 63. Rh1 Ra2 64. Kf6 Ra4 65. Kf5 Ra6 {Weighted Error Value: White=0.28 (precise) /Black=0.32} 1/2-1/2

[Event "VIII Floripa Open 2022"]
[Site "Florianopolis"]
[Date "2022.01.30"]
[Round "9.4"]
[White "Delgado Ramirez, Neuris"]
[Black "Molina, Roberto Junio Brito"]
[Result "1-0"]
[WhiteElo "2614"]
[BlackElo "2420"]
[Annotator "TA"]
[PlyCount "51"]
[EventDate "2022.01.24"]
[EventType "swiss"]
[EventCountry "BRA"]
[SourceTitle "playchess.com"]
[Source "ChessBase"]
[SourceQuality "1"]

{[%evp 11,51,0,-3,-25,-18,-14,-8,-15,-15,-15,8,0,10,0,12,16,27,-6,0,-12,75,85,157,162,168,158,131,121,667,637,670,658,678,665,675,668,652,592,942,881,814,514]} 1. e4 e6 2. d4 d5 3. Nd2 c5 4. Ngf3 cxd4 5. Nxd4 Nc6 6. Bb5 Bd7 7. Bxc6 {C07: French Tarrasch: 3...c5, 4 Ngf3 and 4 exd5 Qxd5.} bxc6 8. O-O Qc7 9. Re1 {The position is equal.} Bd6 10. N4f3 Ne7 11. e5 Bc5 {[#]} 12. c4 $146 ({Predecessor:} 12. Nb3 Bb6 13. a4 a5 14. Bg5 Ng6 15. h4 h6 16. h5 hxg5 17. hxg6 f6 18. exf6 gxf6 {0-1 (29) Bulgarini Torre,M (1978)-Valenzuela Gomez,F (2226) Antofagasta 2015}) 12... Ng6 13. Nb3 Be7 14. Bd2 O-O 15. Rc1 {[%cal Oh2h4,Ba1c1,Bc1c3,Bc3h3][%mdl 32]} Qb7 (15... a5 $11) 16. h4 $1 $16 Bxh4 (16... f6 $142) 17. Nxh4 Nxh4 18. Qh5 Ng6 {[#]} 19. Rc3 $1 {White is more active.} Be8 $2 {[%mdl 8192] This costs Black the game.} (19... h6 $2 {[#]} 20. Bxh6 $1 gxh6 21. Qxh6 $18) (19... Rfd8 $16) 20. Nc5 {[%cal Bb3c5,Bc5e6,Be6c7][%mdl 32] White is clearly winning.} Qe7 {[#]} 21. Rh3 $1 {[%csl Gh3][%cal Rh5h7]} h6 {[#]} 22. Bxh6 $1 {[%mdl 576] Demolition} gxh6 {[#]} 23. Qxh6 {[%csl Gh3][%cal Rh6h7]} f5 {[#]} 24. Nxe6 {[%mdl 512] aiming for cxd5.} Kf7 (24... Rb8 25. Nxf8) 25. cxd5 cxd5 {[#]} 26. Nc7 $1 {[%mdl 512] Weighted Error Value: White=0.06 (flawless) /Black=0.66} 1-0

[Event "VIII Floripa Open 2022"]
[Site "Florianopolis"]
[Date "2022.01.30"]
[Round "9.5"]
[White "Filgueiras, Nathan Felipe"]
[Black "Bachmann, Axel"]
[Result "0-1"]
[WhiteElo "2309"]
[BlackElo "2594"]
[Annotator "TA"]
[PlyCount "70"]
[EventDate "2022.01.24"]
[EventType "swiss"]
[EventCountry "BRA"]
[SourceTitle "playchess.com"]
[Source "ChessBase"]
[SourceQuality "1"]

{[%evp 23,70,0,0,-14,-17,-9,-17,-17,-3,-14,-14,-32,0,0,0,0,0,0,-8,0,-14,-17,-15,-53,-25,-13,20,-24,-18,-39,-41,-68,181,-87,-100,-104,-94,-110,-105,-110,-96,-120,-109,-118,-113,-397,-406,-553,-521]} 1. e4 g6 2. d4 Bg7 3. Nc3 d6 4. Nf3 c6 5. a4 Nf6 6. Be2 O-O 7. O-O Nbd7 8. h3 b6 9. Be3 Bb7 10. Qd2 Qc7 11. Bh6 a6 12. Bxg7 Kxg7 13. d5 {[#] B08: Pirc Defence: Classical System.} Nc5 $146 ({Predecessor:} 13... b5 14. dxc6 Bxc6 15. axb5 axb5 16. Bxb5 Bxb5 17. Nxb5 Qb7 18. c4 Qxe4 19. b3 Nc5 20. Rae1 Qb7 {0-1 (46) Peter,S (2282)-Paci,C (2300) France 2009}) 14. Qd4 e5 15. dxe6 $1 {The position is equal.} Nxe6 16. Qe3 Rfe8 17. Rfe1 Nc5 {[%cal Rc5e4]} 18. Bd3 d5 19. e5 Nfd7 {[%cal Od7e5]} 20. Qf4 Re7 21. b4 Ne6 {[%cal Bc5e6,Be6g7,Bg7h5][%mdl 32]} 22. Qg3 Kh8 23. h4 {[%cal Oh4h5]} Rae8 (23... Ng7 $5 {[%cal Ra8e8]}) 24. h5 Ng7 25. h6 (25. hxg6 $142 fxg6 26. Qh2 Nxe5 27. Rxe5 Rxe5 28. Bxg6 Re1+ 29. Rxe1 Qxh2+ 30. Kxh2 Rxe1 31. Nxe1 hxg6 32. a5 bxa5 33. bxa5) 25... Nh5 $11 26. Qh4 Kg8 {[%cal Rd7e5]} 27. Re2 c5 $2 {[#]} (27... Nxe5 $15 {keeps the upper hand.} 28. Nxe5 Rxe5) 28. Rae1 $2 (28. Bxa6 $1 $18 {[%mdl 512] Strongly threatening Nb5.} Bc6 29. Rae1 (29. b5 Ba8 $15)) 28... d4 $1 $17 {And now ...Bxf3 would win.} (28... Nxe5 $2 29. Nxe5 cxb4 30. Nf3 Rxe2 31. Nxe2 $18) 29. Ne4 c4 $36 {[%mdl 2048] Black has strong initiative.} (29... Nxe5 $2 30. Nf6+ Kh8 31. Nxe8 Rxe8 32. Rxe5 $18) 30. Bxc4 Bxe4 ({Of course not} 30... Qxc4 $6 31. Nd6 Qd5 32. Re4 $11 (32. Nxe8 Rxe8 33. Rd2 Qc6 $11)) 31. Bxf7+ Rxf7 {[%cal Be7f7,Bf7f5,Bf5d5][%mdl 32]} 32. Rxe4 {[#] Black must now prevent e6.} Rf5 $1 (32... Qxc2 $2 33. e6 Rxe6 34. Rxe6 $18) 33. e6 Ndf6 34. Nxd4 $2 {[%mdl 8192] [#]} (34. Rxd4 $17 Qxc2 35. Qh2) 34... Rd5 $1 $19 ({And not} 34... Nxe4 35. Nxf5 Nef6 36. Nd4 $17) 35. R4e3 g5 {Weighted Error Value: White=0.50/Black=0.17 (very precise)} 0-1

[Event "VIII Floripa Open 2022"]
[Site "Florianopolis"]
[Date "2022.01.30"]
[Round "9.6"]
[White "Supi, Luis Paulo"]
[Black "Rodi, Luis Ernesto"]
[Result "1-0"]
[WhiteElo "2581"]
[BlackElo "2358"]
[Annotator "TA"]
[PlyCount "87"]
[EventDate "2022.01.24"]
[EventType "swiss"]
[EventCountry "BRA"]
[SourceTitle "playchess.com"]
[Source "ChessBase"]
[SourceQuality "1"]

{[%evp 11,87,10,17,18,18,19,19,15,18,19,22,23,21,16,25,12,13,13,23,16,17,20,17,16,22,26,31,13,20,24,58,58,89,72,113,100,103,109,106,85,80,52,110,131,195,168,195,175,209,186,320,308,299,256,299,285,285,281,318,302,286,224,395,375,404,400,380,259,446,435,375,397,852,483,1491,1330,1643,1406]} 1. e4 e5 2. Nf3 Nc6 3. Bc4 Bc5 4. c3 Nf6 5. d3 d6 6. O-O a6 7. a4 {C54: Giuoco Piano: 4 c3 Nf6, main lines with 5 d4 and 5 d3.} Ba7 8. Re1 O-O 9. h3 {The position is equal.} h6 10. Nbd2 Be6 11. Bxe6 fxe6 12. b4 Nh5 13. Nf1 Qe8 14. Ra2 Qg6 15. Kh2 Nf4 {[%csl Gf4][%cal Rg6g2]} 16. g3 Nh5 17. Be3 Bxe3 18. Rxe3 Nf6 {[#]} 19. Rb2 $146 ({Predecessor:} 19. Kg2 Nd7 20. N1d2 b5 21. Nb3 Qf7 22. Qa1 Nb6 23. a5 Nd7 24. Qe1 {½-½ (24) Kupsys,A (2530)-Balshaw,A (2462) ICCF email 2020}) 19... Qh5 20. Kg2 d5 21. Re1 Rad8 22. Qe2 Nd7 (22... b5 $142) 23. N1h2 $16 b5 24. axb5 axb5 25. Ng4 Qf7 26. Ra1 h5 {[#] White now steadily converts the win.} ({Better is} 26... Qe7 $1 $14) 27. Ngh2 $1 {White is more active.} Qf6 {To avoid Ng5} (27... Qe7 $16) 28. h4 $18 Nb6 29. Ng5 g6 30. Nhf3 Ra8 (30... Rde8 $142 31. Ra6 Qd8) 31. Rxa8 Rxa8 32. Ra2 {Strongly threatening Rxa8+.} Ra4 33. Rc2 Ra8 34. Qe3 {Threatens to win with Qc5.} Na4 {To avoid Qc5} 35. Qe1 Nb6 36. Re2 {exd5 is the strong threat.} Nd7 $2 (36... Re8 {might work better.} 37. exd5 exd5) 37. d4 Re8 38. exd5 exd5 39. Nxe5 Ncxe5 (39... Ndxe5 40. f4 (40. dxe5 Rxe5 41. Qd1 Qd6 $16) 40... Qf5) 40. f4 {[%mdl 64] [#] Pin} (40. dxe5 Rxe5 41. Nf3 Rxe2 42. Qxe2 Qf8 43. Qxb5 Qd6 $18) 40... Nf8 41. fxe5 ({Not} 41. Rxe5 Ra8 42. Qf2 (42. Rxd5 Qc6 $18) 42... Nd7 $18) ({Less strong is} 41. dxe5 Qc6 42. Nf3 Qd7 $18) 41... Qf5 (41... Qc6 42. Qf1 Re7) 42. Qd2 {White is clearly winning.} Ne6 (42... Re7 $142 43. e6 Nxe6) 43. Rf2 Qb1 44. Rf1 {Weighted Error Value: White=0.17 (very precise) /Black=0.30} 1-0

[Event "VIII Floripa Open 2022"]
[Site "Florianopolis"]
[Date "2022.01.30"]
[Round "9.7"]
[White "Hungaski, Robert"]
[Black "Guimaraes, Diogo Duarte"]
[Result "1-0"]
[WhiteElo "2521"]
[BlackElo "2273"]
[Annotator "TA"]
[PlyCount "97"]
[EventDate "2022.01.24"]
[EventType "swiss"]
[EventCountry "BRA"]
[SourceTitle "playchess.com"]
[Source "ChessBase"]
[SourceQuality "1"]

{[%evp 13,97,22,34,25,33,2,61,68,74,62,77,91,75,71,116,79,110,116,141,110,122,124,130,129,123,130,216,86,89,77,115,62,79,69,141,132,143,144,139,139,138,141,164,163,193,212,207,204,385,387,391,389,525,579,662,617,779,761,615,517,2014,1941,29971,29972,29972,29973,29972,29973,29969,29974,29965,29963,29982,29983,29984,29985,29990,29991,29991,29991,29991,29992,29992,29993,29993,29994]} 1. d4 d5 2. c4 c6 3. Nf3 Nf6 4. Nc3 a6 5. c5 Nbd7 6. Bf4 Nh5 7. e3 g6 8. h4 {D15: Slav Defence: 4 Nc3 a6 and gambit lines after 4 Nc3 dxc4.} Bg7 9. Bh2 b6 (9... O-O $11) 10. cxb6 $14 {White is slightly better.} Qxb6 {[#]} 11. a3 $146 ({Predecessor:} 11. Qb3 Qd8 12. Be2 O-O 13. Ne5 Bxe5 14. Bxe5 Nxe5 15. dxe5 Ng7 16. h5 Qc7 17. Qa4 Qxe5 18. Qxc6 {0-1 (88) Dambacher,M (2403)-Saltaev,M (2480) Germany 2004}) 11... O-O 12. Na4 Qa7 13. Rc1 Bb7 (13... Nb6 $142) 14. Be2 Nhf6 {[#]} 15. Ne5 $1 Rfc8 16. Qb3 Nxe5 17. Bxe5 Nd7 18. Bxg7 {White is much more active.} Kxg7 19. h5 {[%cal Oe3e4]} a5 {[#]} (19... Qb8 $16 20. f4 a5) 20. Nc5 (20. e4 $1 $18 {and the rest is easy.}) 20... Nxc5 $16 21. Rxc5 {[%cal Oe3e4] And now e4! would win.} a4 22. h6+ (22. Qb4 $16) 22... Kf8 23. Qc3 $36 {[%mdl 2048] White is pushing.} Ba6 (23... Qb6 $14) 24. Ra5 ({Much weaker is} 24. Rxc6 $6 Qd7 25. Rc5 Bxe2 26. Kxe2 Qg4+ 27. Kd2 Rcb8 $11) 24... Qb7 25. Rxa4 Bxe2 26. Rxa8 Rxa8 27. Kxe2 {[%mdl 4096] Endgame KQR-KQR} Rb8 28. b4 Qc8 29. Rc1 Qa6+ 30. Qd3 Qa4 (30... Qc8 31. Qc3 Qa6+ 32. Kf3 f6) 31. Rc5 $18 Ra8 {Inhibits Ra5.} 32. Qc3 f6 33. Rxc6 Kf7 34. Qc5 Qxa3 35. Qxd5+ Kf8 36. b5 {[%cal Bb4b5,Bb5b6][%mdl 32] Black must now prevent Kf3.} Rb8 (36... Qa2+ $142 37. Qxa2 Rxa2+ 38. Kd3 Kf7) 37. b6 Qb2+ 38. Kf3 {White mates.} Qb1 {[#]} 39. Rxf6+ $3 {[%mdl 512]} exf6 40. Qd6+ Kf7 41. Qc7+ Ke6 42. Qxb8 {KQ-KQ} f5 43. Kg3 Qd1 44. Qf4 Kf6 45. b7 g5 46. Qd6+ Kf7 47. Qd7+ Kg6 48. Qe6+ Kh5 49. Qxf5 {Weighted Error Value: White=0.13 (very precise) /Black=0.54} 1-0